000
00245nam a2200097Ia 4500
008
240331s9999 xx 000 0 und d
082
_b
Goo
100
_a
Goonatilake, S
245
0
_a
Cripple minds :
_b
an exploration into colonial culture
942
_c
L
999
_c
1382
_d
1382